000 00636nam a2200229Ia 4500
003 OSt
005 20221007072034.0
006 a|||||r|||| 00| 0
007 ta
008 221006b |||||||| |||| 00| 0 eng d
024 _a25,950
037 _cTextual
040 _aFLL
_cFLL
_beng
041 _2eng
_aeng
082 _aZ73:8813, F8
100 _aHughes Charles Evans
_9689963
245 0 _aSupreme Court of the United States
260 _aLondon
_bOxford University Press London
_c1928
300 _avii,1-269p
_ccm.
942 _hZ73:8813, F8
_cTEXL
_2CC
999 _c1145067
_d1145067